000 00532ntaaa2200205 4500
003 01
005 20251027203254.0
008 0714s1973 ag 01
040 _aAR-BaBN
_bspa
_cAR-BaBN
_eaacr
_dRIC
082 _a340.1 G57
100 _aGoldschmidt, Werner
_935594
245 _aFilosofia, historia y derecho /
_cWerner Goldschmidt
250 _a1ª ed.
260 _aBuenos Aires :
_bLibreria Jurídica,
_c1953
300 _a220 p.
650 _aFILOSOFIA
650 _aHISTORIA
_9175
650 _aTEORIA
_932055
942 _cBK
999 _c28196
_d28196